Looney Tunes Characters - Statistics

General Stats
  • This quiz has been taken 59 times
  • The average score is 13 of 16
Answer Stats
Picture Answer % Correct
Bugs Bunny
98%
Sylvester
90%
Tweety Bird
90%
Daffy Duck
88%
Elmer Fudd
86%
Road Runner
86%
Speedy Gonzalez
86%
Porky Pig
84%
Yosemite Sam
84%
Pepe Le Pew
82%
Tasmanian Devil
78%
Marvin the Martian
76%
Foghorn Leghorn
74%
Lola Bunny
70%
Wile E. Coyote
70%
Michigan J. Frog
42%
No matching quizzes found
Score Distribution
Percent of People with Each Score
Percentile by Number Answered
Your Score History
You have not taken this quiz